000 00559nam a2200205Ia 4500
001 14916
003 GE_BSU
008 181216s||||||||xx |||||||||||||| ||und||
040 _cGE_BSU
080 _a517(075.8)
100 _aБермант,А.Ф.
245 _aКурс математического анализа. ч.1
260 _aМосква
260 _bГосиздат
260 _c1955
300 _a466стр.
300 _eБиблиогр. стр.461-466
653 _aКурс математического анализа
942 _cBK
999 _c48036
_d48036